Psychology : (Record no. 1413)

MARC details
000 -LEADER
fixed length control field 00608nam a2200193 a 4500
003 - CONTROL NUMBER IDENTIFIER
control field BD-DhJNU
005 - DATE AND TIME OF LATEST TRANSACTION
control field 20250302031006.0
008 - FIXED-LENGTH DATA ELEMENTS--GENERAL INFORMATION
fixed length control field 250204s1949 ii a b 001 0 eng
040 ## - CATALOGING SOURCE
Original cataloging agency BD-DhJNU
Language of cataloging ENG
Transcribing agency BD-DhJNU
Modifying agency BD-DhJNU
082 00 - DEWEY DECIMAL CLASSIFICATION NUMBER
Classification number 150 WOP
Edition number 23
100 1# - MAIN ENTRY--PERSONAL NAME
Personal name Woodworts, Robert S.
245 10 - TITLE STATEMENT
Title Psychology :
Remainder of title a study of mental life /
Statement of responsibility, etc. Robert S. Woodworts and Donald G. Marquis
260 ## - PUBLICATION, DISTRIBUTION, ETC.
Place of publication, distribution, etc. UK :
Name of publisher, distributor, etc. Methuen & Co Ltd,
Date of publication, distribution, etc. 1949.
300 ## - PHYSICAL DESCRIPTION
Extent xiii, 674 p. :
Other physical details ill. ;
Dimensions 20 cm.
504 ## - BIBLIOGRAPHY, ETC. NOTE
Bibliography, etc. note Includes bibliographical references and index.
650 #0 - SUBJECT ADDED ENTRY--TOPICAL TERM
Topical term or geographic name entry element Psychology
700 1# - ADDED ENTRY--PERSONAL NAME
Personal name Marquis, Donald G.
942 ## - ADDED ENTRY ELEMENTS (KOHA)
Koha item type Books
Holdings
Withdrawn status Lost status Source of classification or shelving scheme Damaged status Not for loan Collection Home library Current library Shelving location Date acquired Source of acquisition Total checkouts Full call number Barcode Date last seen Copy number Price effective from Koha item type
    Dewey Decimal Classification     Non-fiction Jagannath University Central Library Jagannath University Central Library General stacks 03/02/2025 Purchased   150 WOP JNUCL6407 03/02/2025 1 03/02/2025 Books
    Dewey Decimal Classification     Non-fiction Jagannath University Central Library Jagannath University Central Library General stacks 03/02/2025 Purchased   150 WOP JNUCL6372 03/02/2025 2 03/02/2025 Books